Neil Young Albums Tile Select - Statistics

General Stats
  • This quiz has been taken 49 times
  • The average score is 37 of 45
Answer Stats
Question Tile Select % Correct
the following songs that are on Harvest (1972). Danger Bird No
100%
the following songs that are on Harvest (1972). Heart of Gold Yes
100%
the following songs that are on Harvest (1972). Lotta Love No
100%
the following songs that are on Harvest (1972). New Mama No
100%
the following songs that are on Rust Never Sleeps (1979). Hawks & Doves No
95%
the following songs that are on Rust Never Sleeps (1979). My My, Hey Hey (Out of the Blue) Yes
95%
the following songs that are on Harvest (1972). Old Man Yes
95%
the following songs that are on Harvest (1972). A Man Needs a Maid Yes
93%
the following songs that are on After the Gold Rush (1970). Alabama No
90%
the following songs that are on Everybody Knows This Is Nowhere (1969). Cinnamon Girl Yes
90%
the following songs that are on Everybody Knows This Is Nowhere (1969). Down by the River Yes
90%
the following songs that are on Rust Never Sleeps (1979). Hey Hey, My My (Into the Black) Yes
90%
the following songs that are on Everybody Knows This Is Nowhere (1969). Mr. Soul No
90%
the following songs that are on Everybody Knows This Is Nowhere (1969). The Old Laughing Lady No
90%
the following songs that are on Rust Never Sleeps (1979). Cortez the Killer No
88%
the following songs that are on Everybody Knows This Is Nowhere (1969). Cowgirl in the Sand Yes
88%
the following songs that are on Everybody Knows This Is Nowhere (1969). Sugar Mountain No
88%
the following songs that are on After the Gold Rush (1970). The Losing End (When You're On) No
88%
the following songs that are on Harvest (1972). The Needle and the Damage Done Yes
88%
the following songs that are on After the Gold Rush (1970). Don't Let It Bring You Down Yes
85%
the following songs that are on Harvest Moon (1992). From Hank to Hendrix Yes
85%
the following songs that are on Harvest (1972). Out on the Weekend Yes
85%
the following songs that are on Rust Never Sleeps (1979). Pocahontas Yes
85%
the following songs that are on Rust Never Sleeps (1979). Rockin' in the Free World No
85%
the following songs that are on After the Gold Rush (1970). Words (Between the Lines of Age) No
85%
the following songs that are on After the Gold Rush (1970). Are You Ready for the Country? No
83%
the following songs that are on Everybody Knows This Is Nowhere (1969). I've Been Waiting for You No
83%
the following songs that are on Rust Never Sleeps (1979). Like a Hurricane No
83%
the following songs that are on Harvest Moon (1992). Mansion on the Hill No
83%
the following songs that are on After the Gold Rush (1970). Only Love Can Break Your Heart Yes
83%
the following songs that are on After the Gold Rush (1970). Southern Man Yes
83%
the following songs that are on Harvest Moon (1992). Western Hero No
83%
the following songs that are on Harvest Moon (1992). Country Home No
80%
the following songs that are on Harvest Moon (1992). The Painter No
80%
the following songs that are on Harvest Moon (1992). Unknown Legend Yes
80%
the following songs that are on Harvest Moon (1992). A Dream That Can Last No
71%
the following songs that are on Everybody Knows This Is Nowhere (1969). Round & Round (It Won't Be Long) Yes
68%
the following songs that are on After the Gold Rush (1970). Tell Me Why Yes
66%
the following songs that are on Harvest Moon (1992). War of Man Yes
66%
the following songs that are on Everybody Knows This Is Nowhere (1969). Running Dry (Requiem for the Rockets) Yes
63%
the following songs that are on Rust Never Sleeps (1979). Sedan Delivery Yes
63%
the following songs that are on After the Gold Rush (1970). When You Dance I Can Really Love Yes
63%
the following songs that are on Harvest Moon (1992). Old King Yes
56%
the following songs that are on Rust Never Sleeps (1979). Welfare Mothers Yes
56%
the following songs that are on Harvest (1972). There's a World Yes
54%
No matching quizzes found
Score Distribution
Percent of People with Each Score
Percentile by Number Answered
Your Score History
You have not taken this quiz